[Event "Ville d'Orsay online Blitz"]
[Site "Europe Echecs INT"]
[Date "2021.02.07"]
[Round "2"]
[White "Guliyev, Namig"]
[Black "Froment, Theophile"]
[Result "1-0"]
[WhiteElo "2538"]
[BlackElo "1995"]
[PlyCount "53"]
[EventDate "2021.02.07"]
[EventType "swiss (blitz)"]
[EventRounds "11"]
[EventCountry "FRA"]
[SourceTitle "CBM 200 Extra"]
[Source "ChessBase"]
[SourceDate "2021.03.31"]
[SourceVersion "1"]
[SourceVersionDate "2021.03.31"]
[SourceQuality "1"]

1. e4 c5 2. Nf3 e6 3. d4 cxd4 4. Nxd4 a6 5. Bd3 Qc7 6. 0-0 Nf6 7. Qe2 b6 8. c4 Bb7 9. Nc3 d6 10. b3 Nbd7 11. Bb2 Be7 12. f4 0-0 13. Rae1 Nc5 14. Bb1 e5 15. Nf5 g6 16. Nd5 Nxd5 17. exd5 gxf5 18. Bxf5 Bf6 19. Qh5 Rfe8 20. fxe5 dxe5 21. Bxh7+ Kf8 22. Rxf6 e4 23. Ref1 Re7 24. Bg6 Ke8 25. Rxf7 Kd8 26. Rf8+ Kd7 27. Qg4+ 1-0

[Event "Cannes op 26th"]
[Site "Cannes"]
[Date "2014.07.08"]
[Round "2"]
[White "Froment, Theophile"]
[Black "Motuz, Karol"]
[Result "0-1"]
[WhiteElo "1910"]
[BlackElo "2336"]
[PlyCount "54"]
[EventDate "2014.07.07"]
[EventType "swiss"]
[EventRounds "9"]
[EventCountry "FRA"]
[SourceTitle "EXT 2015"]
[Source "ChessBase"]
[SourceDate "2014.11.20"]
[SourceVersion "1"]
[SourceVersionDate "2014.11.20"]
[SourceQuality "1"]

1. d4 e6 2. c4 f5 3. Nc3 Nf6 4. Nf3 Bb4 5. a3 Bxc3+ 6. bxc3 d6 7. g3 b6 8. Bg2 Bb7 9. 0-0 Qe7 10. a4 Nbd7 11. a5 0-0 12. Ba3 c5 13. Ng5 Bxg2 14. Kxg2 h6 15. Nh3 e5 16. f3 Qf7 17. d5 bxa5 18. Qb1 Nb6 19. Qb5 Rfb8 20. Rfb1 Qd7 21. Qb3 Qa4 22. Nf2 Qxb3 23. Rxb3 Nxc4 24. Rxb8+ Rxb8 25. e4 fxe4 26. Nxe4 Nxe4 27. fxe4 Rb3 0-1

[Event "FRA-chT U20 GpA 1213"]
[Site "France"]
[Date "2013.01.05"]
[Round "6"]
[White "Froment, Theophile"]
[Black "Haussernot, Cecile"]
[Result "0-1"]
[WhiteElo "1904"]
[BlackElo "2052"]
[PlyCount "86"]
[EventDate "2012.12.01"]
[EventType "team"]
[EventRounds "7"]
[EventCountry "FRA"]
[SourceTitle "EXT 2014"]
[Source "ChessBase"]
[SourceDate "2013.11.20"]
[SourceVersion "1"]
[SourceVersionDate "2013.11.20"]
[SourceQuality "1"]
[WhiteTeam "Cannes (U20)"]
[BlackTeam "Mulhouse (U20)"]
[WhiteTeamCountry "FRA"]
[BlackTeamCountry "FRA"]

1. d4 Nf6 2. c4 e6 3. Nc3 Bb4 4. e3 0-0 5. a3 Bxc3+ 6. bxc3 c5 7. Bd3 d5 8. cxd5 exd5 9. Ne2 Nc6 10. 0-0 Bg4 11. f3 Bh5 12. Ng3 Bg6 13. Ra2 Qd7 14. Re2 Rfe8 15. Bb2 h5 16. Bxg6 fxg6 17. Nh1 g5 18. Nf2 cxd4 19. cxd4 g4 20. Nd3 h4 21. Ne5 Qe6 22. Qe1 h3 23. Qh4 Nxe5 24. dxe5 Nd7 25. f4 Qf5 26. gxh3 gxh3 27. Rf3 Qd3 28. Qf2 Nc5 29. e4 Qb5 30. Qe3 dxe4 31. Rxh3 Rad8 32. Bd4 Rxd4 33. Qxd4 Qxe2 34. Qxc5 Rd8 35. Qf2 Qd1+ 36. Qf1 Qc2 37. Re3 Rd2 38. e6 Qc5 39. Qe1 Rc2 40. e7 Kf7 41. Qg3 Qxe7 42. f5 Qc5 43. Qf4 Re2 0-1

[Event "Avoine op 27th"]
[Site "Avoine"]
[Date "2012.07.24"]
[Round "4"]
[White "Marie, M."]
[Black "Froment, Theophile"]
[Result "1-0"]
[WhiteElo "2192"]
[BlackElo "1901"]
[PlyCount "89"]
[EventDate "2012.07.21"]
[EventType "swiss"]
[EventRounds "9"]
[EventCountry "FRA"]
[SourceTitle "CBM 149 Extra"]
[Source "ChessBase"]
[SourceDate "2012.08.24"]
[SourceVersion "1"]
[SourceVersionDate "2012.08.24"]
[SourceQuality "1"]

1. b3 Nf6 2. Bb2 d6 3. f4 c5 4. Nf3 Nbd7 5. g3 b5 6. a4 bxa4 7. Rxa4 Bb7 8. Bg2 g6 9. d3 Bg7 10. Nbd2 Bc6 11. Ra1 0-0 12. e4 Qc7 13. 0-0 a5 14. Nc4 Ne8 15. Bxg7 Nxg7 16. Qd2 a4 17. bxa4 Rxa4 18. Rxa4 Bxa4 19. f5 Nf6 20. Bh3 gxf5 21. Qh6 Bxc2 22. Ng5 Ra8 23. Bxf5 Nxf5 24. Rxf5 Rc8 25. Ne3 Qa7 26. Rxf6 exf6 27. Nf5 Qa1+ 28. Kg2 fxg5 29. Ne7+ Kh8 30. Nxc8 Qg7 31. Qxd6 c4 32. Ne7 h6 33. Nf5 Qg6 34. Qd4+ Kh7 35. Qxc4 Bd1 36. Ne3 Qh5 37. Nxd1 Qxd1 38. Qxf7+ Kh8 39. Qf3 Qd2+ 40. Kh3 Kg7 41. e5 Qb2 42. e6 Qd4 43. Qf7+ Kh8 44. Qe8+ Kg7 45. Qd7+ 1-0

[Event "FRA-chT U20"]
[Site "France"]
[Date "2012.05.27"]
[Round "?"]
[White "Froment, Theophile"]
[Black "Ek, Alexandre"]
[Result "1/2-1/2"]
[WhiteElo "1888"]
[BlackElo "1903"]
[PlyCount "129"]
[EventDate "2012.05.26"]
[EventType "team-swiss"]
[EventRounds "9"]
[EventCountry "FRA"]
[SourceTitle "EXT 2014"]
[Source "ChessBase"]
[SourceDate "2013.11.20"]
[SourceVersion "1"]
[SourceVersionDate "2013.11.20"]
[SourceQuality "1"]

1. e4 c5 2. Nf3 a6 3. Nc3 Nc6 4. d4 cxd4 5. Nxd4 g6 6. Bc4 Bg7 7. Nxc6 bxc6 8. Qf3 e6 9. Bf4 d5 10. exd5 cxd5 11. 0-0-0 Ne7 12. Bg5 Rb8 13. Rhe1 0-0 14. Bxe7 Qxe7 15. Bb3 Qg5+ 16. Kb1 Bd7 17. Rh1 a5 18. a4 Rfc8 19. Rd3 Bxc3 20. Rxc3 Rxc3 21. Qxc3 Qxg2 22. Rd1 Rc8 23. Qxa5 Qxf2 24. Rd2 Qe3 25. Qb4 Qc5 26. Qf4 Qe7 27. a5 Bb5 28. Ba4 Qd7 29. Bxb5 Qxb5 30. Rf2 Rf8 31. Qc7 Kg7 32. Qc3+ Kg8 33. Qa3 Ra8 34. Qe7 Qe8 35. Qxe8+ Rxe8 36. b4 Ra8 37. c3 Kf8 38. Kc2 Ke7 39. Kd3 e5 40. Ra2 Kd6 41. b5 Kc5 42. b6 Kc6 43. Rb2 Kb7 44. Rb5 Rd8 45. Rc5 Rd7 46. c4 e4+ 47. Ke3 d4+ 48. Kd2 f5 49. Rd5 e3+ 50. Ke2 Re7 51. Rxd4 Ka6 52. Rd5 f4 53. Rd4 f3+ 54. Ke1 e2 55. Rf4 Kxa5 56. Rxf3 Kxb6 57. Rf2 Kc5 58. Rxe2 Rxe2+ 59. Kxe2 Kxc4 60. Kf3 Kd5 61. Kf4 h6 62. h4 Ke6 63. Ke4 Kf6 64. Kf4 h5 65. Ke4 1/2-1/2

[Event "FRA-chT U20 1112"]
[Site "France"]
[Date "2011.12.19"]
[Round "7"]
[White "Haussernot, Cecile"]
[Black "Froment, Theophile"]
[Result "1-0"]
[WhiteElo "2100"]
[BlackElo "1885"]
[PlyCount "91"]
[EventDate "2011.12.03"]
[EventType "team-swiss"]
[EventRounds "7"]
[EventCountry "FRA"]
[SourceTitle "EXT 2013"]
[Source "ChessBase"]
[SourceDate "2012.11.22"]
[SourceVersion "1"]
[SourceVersionDate "2012.11.22"]
[SourceQuality "1"]

1. e4 g6 2. d4 Bg7 3. Nc3 d6 4. f4 a6 5. Nf3 b5 6. Bd3 Nd7 7. Be3 Bb7 8. Qd2 Rc8 9. 0-0 c5 10. d5 Ngf6 11. a3 0-0 12. h3 e6 13. dxe6 fxe6 14. f5 gxf5 15. exf5 e5 16. Ng5 d5 17. Ne6 Qe7 18. Nxf8 Rxf8 19. Bg5 e4 20. Be2 d4 21. Nd1 e3 22. Qe1 Ne5 23. Qh4 Rd8 24. c3 d3 25. Bxd3 Rxd3 26. Nxe3 Nf3+ 27. gxf3 Rxe3 28. Bxe3 Qxe3+ 29. Kg2 Qe2+ 30. Rf2 Bxf3+ 31. Kg1 Qe4 32. Qg3 Bh5 33. Rg2 Qe7 34. Re1 Qf7 35. Qd6 Qf8 36. Re7 Ne8 37. Qe5 Kh8 38. Rexg7 Nxg7 39. f6 Ne8 40. Qxh5 Nxf6 41. Qf5 Qe7 42. Qf4 Qd8 43. Qe5 Qf8 44. Kh2 a5 45. Rf2 Kg7 46. Qg5+ 1-0

[Event "FRA-chT U20 1112"]
[Site "France"]
[Date "2011.12.18"]
[Round "5"]
[White "Pillard, Valentin"]
[Black "Froment, Theophile"]
[Result "0-1"]
[WhiteElo "1685"]
[BlackElo "1885"]
[PlyCount "92"]
[EventDate "2011.12.03"]
[EventType "team-swiss"]
[EventRounds "7"]
[EventCountry "FRA"]
[SourceTitle "EXT 2013"]
[Source "ChessBase"]
[SourceDate "2012.11.22"]
[SourceVersion "1"]
[SourceVersionDate "2012.11.22"]
[SourceQuality "1"]

1. e4 g6 2. Nc3 Bg7 3. d4 d6 4. f4 a6 5. Nf3 b5 6. a4 b4 7. Ne2 Bb7 8. Ng3 a5 9. Bb5+ c6 10. Be2 Nd7 11. 0-0 e6 12. f5 e5 13. fxg6 hxg6 14. Bc4 Nh6 15. c3 bxc3 16. bxc3 Ba6 17. Qd3 Bxc4 18. Qxc4 Qc7 19. h4 Nf6 20. dxe5 dxe5 21. Ba3 Nhg4 22. Bc5 Bf8 23. Rfd1 Bxc5+ 24. Qxc5 Qa7 25. Qxa7 Rxa7 26. Rd6 Rc7 27. Rb1 Ke7 28. Rd2 Nd7 29. Rbb2 Ne3 30. Rb1 Nc4 31. Ra2 Nc5 32. Kf1 Rd7 33. Ke2 f6 34. h5 gxh5 35. Nd2 Nxd2 36. Rxd2 Rxd2+ 37. Kxd2 Rg8 38. Nf5+ Ke6 39. Ke3 Nxe4 40. Kxe4 Rg4+ 41. Kf3 Kxf5 42. Rb6 Rc4 43. Rb3 Rxa4 44. g3 Rc4 45. Ra3 a4 46. Ke3 h4 0-1

[Event "FRA-chT U20 1112"]
[Site "France"]
[Date "2011.12.04"]
[Round "3.3"]
[White "Pigeat, Alexandre"]
[Black "Froment, Theophile"]
[Result "1/2-1/2"]
[WhiteElo "1790"]
[BlackElo "1885"]
[PlyCount "119"]
[EventDate "2011.12.03"]
[EventType "team-swiss"]
[EventRounds "7"]
[EventCountry "FRA"]
[SourceTitle "EXT 2013"]
[Source "ChessBase"]
[SourceDate "2012.11.22"]
[SourceVersion "1"]
[SourceVersionDate "2012.11.22"]
[SourceQuality "1"]

1. e4 g6 2. d4 Bg7 3. c4 d6 4. Be3 Nf6 5. Nc3 0-0 6. Be2 e5 7. dxe5 dxe5 8. Qxd8 Rxd8 9. Nd5 Nxd5 10. cxd5 c6 11. dxc6 Nxc6 12. a3 Nd4 13. Bd1 Be6 14. Ne2 Bc4 15. Rc1 Rac8 16. Nc3 Bd3 17. f3 f5 18. Kf2 fxe4 19. Nxe4 Rxc1 20. Bxc1 Bxe4 21. fxe4 Rf8+ 22. Ke1 Rc8 23. Be3 Nc2+ 24. Kd2 Nxe3 25. Kxe3 Bh6+ 26. Kd3 Rd8+ 27. Kc3 Rc8+ 28. Kd3 Bf8 29. Bg4 Rc7 30. Be6+ Kg7 31. b3 Bxa3 32. Ra1 Bc5 33. Rc1 Bb6 34. Rxc7+ Bxc7 35. b4 Bb6 36. h3 a5 37. Kc4 axb4 38. Bd5 Bd4 39. Bxb7 Bc3 40. Bc8 Kf6 41. h4 h5 42. g4 Be1 43. gxh5 gxh5 44. Bf5 Bxh4 45. Kxb4 Kg5 46. Kc4 Bf2 47. Kd3 Kf4 48. Ke2 Kg3 49. Bg6 h4 50. Bh5 Kg2 51. Bf3+ Kg1 52. Bg4 Bd4 53. Kf3 Bf2 54. Bh3 Bg3 55. Bf5 Bf2 56. Bg4 Bd4 57. Bf5 Kh2 58. Bg4 Kg1 59. Bh3 Kh2 60. Bg4 1/2-1/2

[Event "FRA-ch op-B"]
[Site "Caen"]
[Date "2011.08.20"]
[Round "5"]
[White "Hallay, Axel"]
[Black "Froment, Theophile"]
[Result "1-0"]
[WhiteElo "1927"]
[BlackElo "1859"]
[PlyCount "77"]
[EventDate "2011.08.16"]
[EventType "swiss"]
[EventRounds "11"]
[EventCountry "FRA"]
[SourceTitle "EXT 2012"]
[Source "ChessBase"]
[SourceDate "2011.11.24"]
[SourceVersion "1"]
[SourceVersionDate "2011.11.24"]
[SourceQuality "1"]

1. d4 Nf6 2. c4 g6 3. Nc3 Bg7 4. e4 d6 5. Be2 0-0 6. Nf3 e5 7. d5 a5 8. Bg5 h6 9. Bh4 g5 10. Bg3 Nh5 11. Nd2 Nxg3 12. hxg3 Na6 13. g4 Nc5 14. b3 Qe7 15. f3 Bd7 16. Nf1 b6 17. Ng3 Rad8 18. Qc2 Rfe8 19. Nd1 Bc8 20. Ne3 Bd7 21. Nef5 Bxf5 22. Nxf5 Qf6 23. Kf2 Kh7 24. Rh3 Rh8 25. Rah1 Kg6 26. Ke3 Rh7 27. g3 Rdh8 28. Bd1 Qd8 29. Qh2 f6 30. Bc2 Qf8 31. a3 Kf7 32. b4 axb4 33. axb4 Na6 34. Qd2 Nb8 35. Bb3 Nd7 36. Rh5 Qa8 37. Qc3 Kg6 38. Ba4 Qc8 39. Ne7+ 1-0

[Event "FRA-ch U12"]
[Site "Troyes"]
[Date "2010.04.16"]
[Round "7"]
[White "Bellahcene, Bilel"]
[Black "Froment, Theophile"]
[Result "1-0"]
[WhiteElo "2072"]
[BlackElo "1834"]
[PlyCount "139"]
[EventDate "2010.04.11"]
[EventType "swiss"]
[EventRounds "9"]
[EventCountry "FRA"]
[SourceTitle "EXT 2012"]
[Source "ChessBase"]
[SourceDate "2011.11.24"]
[SourceVersion "1"]
[SourceVersionDate "2011.11.24"]
[SourceQuality "1"]

1. e4 c5 2. Ne2 d6 3. g3 Nf6 4. Bg2 a6 5. 0-0 e6 6. c3 Be7 7. d4 0-0 8. h3 Nc6 9. Be3 Qc7 10. f4 cxd4 11. cxd4 b5 12. Nd2 Bb7 13. Rc1 Qd7 14. g4 d5 15. e5 Ne4 16. f5 Bb4 17. Nxe4 dxe4 18. a3 Ba5 19. f6 Bb6 20. Rxc6 Bxc6 21. Qe1 Rfc8 22. Qh4 Qd8 23. Qg5 g6 24. h4 Qf8 25. Qf4 Ra7 26. h5 Rcc7 27. g5 Rd7 28. Bh3 Qe8 29. hxg6 fxg6 30. Qg4 Kf7 31. Qh4 Kg8 32. Bg4 Bd5 33. Qh3 Rac7 34. Rf2 Qf7 35. Nc3 Rc6 36. Kh2 Ba5 37. Ne2 Bb6 38. Nf4 Ba7 39. Kg3 Bb6 40. Qh1 Bxd4 41. Bxd4 e3 42. Nxd5 exf2 43. Ne3 Rc8 44. Bc3 Rcd8 45. Kxf2 Rd3 46. Qc6 Re8 47. Qxa6 Qd7 48. Be2 Rxe3 49. Kxe3 Rd8 50. Qxb5 Qa7+ 51. Kf3 Qa8+ 52. Kf2 Qa7+ 53. Kf1 Qa8 54. Qb6 Qh1+ 55. Qg1 Qh3+ 56. Qg2 Qf5+ 57. Qf3 Qxg5 58. f7+ Kg7 59. Qf6+ Qxf6+ 60. exf6+ Kxf7 61. a4 Ra8 62. a5 e5 63. a6 Kxf6 64. b4 Ke6 65. b5 Kd6 66. Bb4+ Kc7 67. Bf3 Kb8 68. Bxa8 Kxa8 69. b6 g5 70. Bd6 1-0

[Event "Avoine op 24th"]
[Site "Avoine"]
[Date "2009.07.25"]
[Round "8"]
[White "Froment, Theophile"]
[Black "Sanglan, Philippe"]
[Result "1/2-1/2"]
[WhiteElo "1791"]
[BlackElo "2028"]
[PlyCount "43"]
[EventDate "2009.07.18"]
[EventType "swiss"]
[EventRounds "9"]
[EventCountry "FRA"]
[SourceTitle "CBM 131 Extra"]
[Source "ChessBase"]
[SourceDate "2009.09.03"]
[SourceVersion "2"]
[SourceVersionDate "2009.09.16"]
[SourceQuality "1"]

1. e4 Nf6 2. e5 Nd5 3. d4 d6 4. exd6 cxd6 5. c4 Nf6 6. Nc3 e6 7. Nf3 Be7 8. Be2 a6 9. 0-0 0-0 10. h3 Nbd7 11. Be3 b6 12. Rc1 Bb7 13. Qb3 Qc7 14. Rfd1 Be4 15. d5 Rab8 16. Qa3 e5 17. b4 Rfc8 18. Nd2 Bg6 19. Nb3 Ne4 20. Bf3 Ng5 21. Be2 f5 22. f3 1/2-1/2

[Event "Rochefort op 8th"]
[Site "Rochefort"]
[Date "2009.02.??"]
[Round "5"]
[White "Froment, Theophile"]
[Black "Saravanan, Venkat"]
[Result "0-1"]
[WhiteElo "1776"]
[BlackElo "2394"]
[PlyCount "66"]
[EventDate "2009.02.??"]
[EventType "swiss"]
[EventRounds "9"]
[EventCountry "FRA"]
[SourceTitle "EXT 2010"]
[Source "ChessBase"]
[SourceDate "2010.11.25"]
[SourceVersion "1"]
[SourceVersionDate "2010.11.25"]
[SourceQuality "1"]

1. e4 c5 2. Nf3 d6 3. d4 cxd4 4. Nxd4 Nf6 5. Nc3 a6 6. f3 e5 7. Nb3 Be7 8. Be3 Be6 9. Qd2 0-0 10. 0-0-0 Nbd7 11. g4 Qc7 12. h4 b5 13. g5 Nh5 14. Nd5 Bxd5 15. exd5 Nb6 16. Kb1 Rab8 17. Bxb6 Rxb6 18. Na5 Re8 19. Nc6 Bf8 20. Be2 g6 21. Rdg1 Bg7 22. f4 Nxf4 23. h5 Nxd5 24. Qxd5 Qxc6 25. Qb3 d5 26. hxg6 hxg6 27. Qh3 e4 28. Qh7+ Kf8 29. Rf1 Re5 30. Bg4 Rxg5 31. Rxf7+ Kxf7 32. Rf1+ Qf6 33. Rxf6+ Rxf6 0-1